000 03608cam a2200349 ia4500
003 SA-RiAUC
005 20241103142809.0
008 241103s1991 le g 00010 ara c
024 0 _a33000000008731
040 _aKFU
_bara
_cSA-RiAUC
_erda
050 4 _bA35 1991
082 0 4 _a258.3
_qSA-RiAUC
090 _a258.3
_b ن و و
100 1 _aالنووي، يحيى بن شرف بن مري،
_d631-676 هجري
_eمؤلف.
245 1 0 _aروضة الطالبين وعمدة المفتين /
_cللإمام النووي ؛ إشراف زهير الشاويش.
250 _aالطبعة الثالثة.
264 1 _aبيروت ؛
_aدمشق ؛
_aعمان، الأردن :
_bالمكتب الإسلامي،
_c1991
300 _a12 مجلد ؛
_c24 × 17 سم
336 _aنص
_btxt
_2rdacontent
_3كتاب
337 _aبدون وسيط
_bn
_2rdamedia
338 _aمجلد
_bnc
_2rdacarrier
500 _aالمكتبة يتوافر بها : مجلد 1.
650 7 _aالفقه الشافعي
_2aucsh
650 7 _aالفقه الإسلامي
_xمذاهب
_2aucsh
700 1 _aالشاويش، زهير،
_d1925-2013
_eمشرف.
856 _uhttp://www.alwaraq.net/Core/waraq/coverpage?bookid=170&option=1
_yExternal Link
_2 نرجو الانتباه لإمكانية وجود اختلاف في الطبعة أو الناشر بين البيانات على البوابة وما ستجده على الكتاب نظرا لمحدودية المعلومات المتاحة على الموقع الناشر للمادة.
_3Please note that there may be a difference in the edition or publisher between the data on the portal and the book due to the limited information available on the publisher website for the material.
856 _uhttp://www.alwaraq.net/Core/AlwaraqSrv/bookpage?book=170&option=1&fkey=2&page=1
_yDigital Copy
_2 نرجو الانتباه لإمكانية وجود اختلاف في الطبعة أو الناشر بين البيانات على البوابة وما ستجده على الكتاب نظرا لمحدودية المعلومات المتاحة على الموقع الناشر للمادة.
_3Please note that there may be a difference in the edition or publisher between the data on the portal and the book due to the limited information available on the publisher website for the material.
856 _uhttp://www.alwaraq.net/Core/waraq/coverpage?bookid=170&option=1
_yExternal Link
_2 نرجو الانتباه لإمكانية وجود اختلاف في الطبعة أو الناشر بين البيانات على البوابة وما ستجده على الكتاب نظرا لمحدودية المعلومات المتاحة على الموقع الناشر للمادة.
_3Please note that there may be a difference in the edition or publisher between the data on the portal and the book due to the limited information available on the publisher website for the material.
856 _uhttp://www.alwaraq.net/Core/waraq/coverpage?bookid=170&option=1
_yExternal Link
_2 نرجو الانتباه لإمكانية وجود اختلاف في الطبعة أو الناشر بين البيانات على البوابة وما ستجده على الكتاب نظرا لمحدودية المعلومات المتاحة على الموقع الناشر للمادة.
_3Please note that there may be a difference in the edition or publisher between the data on the portal and the book due to the limited information available on the publisher website for the material.
942 _2ddc
_cBOOK
_n0
949 _aSA-JeALM
_d241103
_ueid123
_n1
999 _c2012
_d2012